It looks like you're offline.
Open Library logo
additional options menu

MARC Record from Scriblio

Record ID marc_records_scriblio_net/part20.dat:129357700:826
Source Scriblio
Download Link /show-records/marc_records_scriblio_net/part20.dat:129357700:826?format=raw

LEADER: 00826pam 2200253 a 4500
001 89001186
003 DLC
005 19900330094051.5
008 890215s1989 nyu b 00110 eng
010 $a 89001186
020 $a0824047982 (alk. paper)
040 $aDLC$cDLC$dDLC
043 $ae-fr---
050 00 $aZ2175.A2$bB39 1989$aPC2071
082 00 $a016.44$219
100 10 $aBassan, Fernande.
245 10 $aFrench language and literature :$ban annotated bibliography /$cFernande Bassan, Donald C. Spinelli, Howard A. Sullivan.
260 0 $aNew York :$bGarland,$c1989.
300 $axix, 365 p. ;$c23 cm.
440 0 $aGarland reference library of the humanities ;$vvol. 954
500 $aIncludes index.
650 0 $aFrench philology$xBibliography.
700 10 $aSpinelli, Donald C.
700 10 $aSullivan, Howard A.,$d1921-